000 nam a22 7a 4500
999 _c7286
_d7286
008 170804b xxu||||| |||| 00| 0 eng d
100 _93824
_aCBSE
245 _aMathematics-X
260 _aNew Delhi